| 000 | 00851pam a2200289 a 4500 | ||
|---|---|---|---|
| 001 | 16299 | ||
| 003 | BD-RjUL | ||
| 005 | 20211209000007.0 | ||
| 008 | 140213s1987 nyua b 001 0beng d | ||
| 020 | _a0393023982 : | ||
| 035 | _a(BD-RjUL)16354 | ||
| 040 |
_aDLC _cDLC _dDLC _dBD-RjUL _beng |
||
| 041 | _aeng | ||
| 082 | 0 | 0 |
_a792.0280924 _219 _bAUE 1987 |
| 100 | 1 |
_aAuerbach, Nina, _d1943- _950396 |
|
| 245 | 1 | 0 |
_aEllen Terry player in her time / _cNina Auerbach. |
| 250 | _a1st ed. | ||
| 260 |
_aNew York : _bW.W. Norton, _cc1987. |
||
| 300 |
_axv, 504 p. : _bill. ; _c23 cm. |
||
| 504 | _aBibliography: p. [460]-477. | ||
| 504 | _aIncludes index. | ||
| 600 | 1 | 0 |
_aTerry, Ellen, _cDame, _d1847-1928. _950397 |
| 650 | 0 |
_aActresses _zGreat Britain _vBiography. _950398 |
|
| 942 |
_2ddc _cBK |
||
| 999 |
_c16299 _d16299 |
||